[Event "Rosario Italia Cup"]
[Site "Rosario"]
[Date "2023.12.02"]
[Round "2"]
[White "Herrera, Solange"]
[Black "Alvarez, Leandro"]
[Result "0-1"]
[WhiteElo "1721"]
[BlackElo "2106"]
[PlyCount "140"]
[EventDate "2023.12.01"]
[EventType "swiss"]
[EventRounds "6"]
[EventCountry "ARG"]
[SourceTitle "CB50_2023"]
[SourceDate "2023.12.13"]
[SourceVersion "1"]
[SourceVersionDate "2023.12.13"]
[SourceQuality "1"]

1. d4 Nf6 2. c4 d6 3. Nc3 g6 4. e4 Bg7 5. Nf3 0-0 6. Be2 Na6 7. 0-0 e5 8. d5 Nc5 9. Qc2 a5 10. Be3 b6 11. h3 Nh5 12. Rfe1 Nf4 13. Bf1 Qf6 14. Qd1 g5 15. Bxf4 exf4 16. Nh2 Bd7 17. Qf3 Qg6 18. Rad1 h5 19. Be2 Bxc3 20. bxc3 Nxe4 21. Bd3 f5 22. Bxe4 fxe4 23. Rxe4 g4 24. hxg4 hxg4 25. Qe2 f3 26. Qe3 Rf7 27. Rdd4 Rg7 28. Qf4 Rf8 29. Qg3 Bf5 30. Re3 Re8 31. Qf4 Rxe3 32. Qxe3 Kf8 33. Rf4 Re7 34. Qd4 Ke8 35. Qh8+ Kd7 36. Qf8 Rf7 37. Qa8 fxg2 38. Qc6+ Kd8 39. Qa8+ Kd7 40. Qc6+ Kd8 41. Qa8+ Ke7 42. Qc6 Kf8 43. Qa8+ Kg7 44. Qe8 g3 45. fxg3 Qxg3 46. Rf3 Qg5 47. Qe1 Bg6 48. Rxf7+ Kxf7 49. Qf2+ Ke7 50. Nf3 Qc1+ 51. Kxg2 Qxc3 52. Qe2+ Kd8 53. Qe6 Be8 54. Qe2 Bh5 55. Qe4 Qg7+ 56. Kf2 Qf6 57. Kg3 Kc8 58. Nd4 Kb7 59. Nc6 Qg6+ 60. Kf4 Qg4+ 61. Ke3 Qe2+ 62. Kd4 Qd2+ 63. Qd3 Qb2+ 64. Ke3 Qxa2 65. Nd8+ Ka8 66. c5 b5 67. Qxb5 Qa3+ 68. Kd4 Qa1+ 69. Ke3 Qc3+ 70. Kf2 Qf6+ 0-1

[Event "Rosario Italia Cup"]
[Site "Rosario"]
[Date "2023.12.01"]
[Round "1"]
[White "Alvarez, Leandro"]
[Black "Camani, Francisco"]
[Result "1-0"]
[WhiteElo "2106"]
[BlackElo "1412"]
[PlyCount "94"]
[EventDate "2023.12.01"]
[EventType "swiss"]
[EventRounds "6"]
[EventCountry "ARG"]
[SourceTitle "CB50_2023"]
[SourceDate "2023.12.13"]
[SourceVersion "1"]
[SourceVersionDate "2023.12.13"]
[SourceQuality "1"]

1. e4 e6 2. f4 d5 3. e5 c5 4. c3 Nc6 5. Nf3 Bd7 6. Na3 f6 7. Nb5 a6 8. Nd6+ Bxd6 9. exd6 Nh6 10. d4 c4 11. b3 b5 12. a4 0-0 13. Be2 Be8 14. 0-0 Nf7 15. Ba3 Nxd6 16. Bxd6 Qxd6 17. axb5 Qxf4 18. bxc6 Qe3+ 19. Kh1 Qxc3 20. bxc4 Bxc6 21. c5 a5 22. Qd3 Qxd3 23. Bxd3 a4 24. Ra3 Rfb8 25. Rfa1 Rb4 26. Kg1 g5 27. g4 h5 28. h3 h4 29. Kf2 Kf7 30. Ke3 Ke7 31. Kd2 Rb2+ 32. Kc3 Rf2 33. Rf1 Rg2 34. Ne1 Rh2 35. Rf3 e5 36. dxe5 d4+ 37. Kc4 Bxf3 38. Nxf3 Rxh3 39. Nxd4 Rg3 40. Nf5+ Ke6 41. Nxg3 hxg3 42. Be4 Ra5 43. exf6 Kxf6 44. Kb4 Ra7 45. Rxg3 Ke5 46. Bf5 Kd4 47. Rd3+ Ke5 1-0

[Event "ARG-ch 96th"]
[Site "Buenos Aires"]
[Date "2022.06.07"]
[Round "6"]
[White "Alvarez, Leandro"]
[Black "Barrionuevo, Pablo"]
[Result "0-1"]
[WhiteElo "2108"]
[BlackElo "2267"]
[PlyCount "54"]
[EventDate "2022.06.02"]
[EventType "swiss"]
[EventRounds "11"]
[EventCountry "ARG"]
[SourceTitle "CBM 208 Extra"]
[Source "ChessBase"]
[SourceDate "2022.07.31"]
[SourceVersion "1"]
[SourceVersionDate "2022.07.31"]
[SourceQuality "1"]

1. e4 e5 2. Nc3 Nf6 3. f4 d5 4. fxe5 Nxe4 5. Nf3 Be7 6. Qe2 Nxc3 7. dxc3 0-0 8. Bf4 c5 9. 0-0-0 Nc6 10. Kb1 Be6 11. h4 Qd7 12. Qd2 Rad8 13. Bd3 c4 14. Be2 b5 15. Nd4 Nxd4 16. Qxd4 b4 17. Bg5 h6 18. Bxe7 Qxe7 19. g4 Rb8 20. g5 h5 21. Bxh5 Rb6 22. cxb4 Qxb4 23. Bf3 Rfb8 24. b3 Qa4 25. Bxd5 Rd8 26. Qe4 Bxd5 27. Qe3 Rbb8 0-1

[Event "ARG-ch sf U2300 Reconquista 2nd"]
[Site "Reconquista"]
[Date "2019.10.05"]
[Round "2.6"]
[White "Alvarez, Leandro"]
[Black "Bustamante, Alejandro"]
[Result "1-0"]
[WhiteElo "2119"]
[BlackElo "1689"]
[PlyCount "97"]
[EventDate "2019.10.05"]
[EventType "swiss"]
[EventRounds "6"]
[EventCountry "ARG"]
[SourceTitle "EXT 2024"]
[Source "ChessBase"]
[SourceDate "2023.10.10"]
[SourceVersion "1"]
[SourceVersionDate "2023.10.10"]
[SourceQuality "1"]

1. e4 c6 2. c4 d5 3. cxd5 cxd5 4. exd5 Nf6 5. Nc3 a6 6. Nf3 g6 7. Bc4 Nbd7 8. d6 e6 9. d4 Nb6 10. Bb3 Qxd6 11. 0-0 Bg7 12. Bg5 Nfd5 13. Ne4 Qb8 14. Qd2 0-0 15. Bh6 Bd7 16. Bxg7 Kxg7 17. Ne5 Bb5 18. Rfe1 Qd8 19. a4 Bc6 20. a5 Nd7 21. Nxc6 bxc6 22. Ba4 Rc8 23. Rac1 Nb8 24. Nc5 Qf6 25. Bb3 Rfd8 26. Rcd1 Nc7 27. Qb4 Nb5 28. Bxe6 fxe6 29. Nxe6+ Kf7 30. Nxd8+ Rxd8 31. Re4 Qd6 32. Qb3+ Kg7 33. Rde1 Rd7 34. Re8 Rf7 35. Qg3 Qxg3 36. hxg3 Nd7 37. Rd1 Nf6 38. Rc8 Nc7 39. Rc1 Re7 40. f3 Nb5 41. R1xc6 Nxd4 42. R6c7 Kf7 43. Rxe7+ Kxe7 44. Ra8 Nc6 45. Rxa6 Kd7 46. b4 Nh5 47. b5 Nd4 48. Ra7+ Kc8 49. b6 1-0

[Event "Concepcion del Uruguay op"]
[Site "Concepcion del Uruguay"]
[Date "2019.05.03"]
[Round "2"]
[White "Brito, Pablo"]
[Black "Alvarez, Leandro"]
[Result "0-1"]
[WhiteElo "1557"]
[BlackElo "2044"]
[PlyCount "79"]
[EventDate "2019.05.03"]
[EventType "swiss"]
[EventRounds "6"]
[EventCountry "ARG"]
[SourceTitle "CBM 190 Extra"]
[Source "ChessBase"]
[SourceDate "2019.07.15"]
[SourceVersion "1"]
[SourceVersionDate "2019.07.15"]
[SourceQuality "1"]

1. e4 e5 2. Nc3 Nf6 3. Bc4 Bb4 4. Nge2 0-0 5. 0-0 c6 6. a3 Bc5 7. d4 exd4 8. Nxd4 d5 9. exd5 cxd5 10. Bb3 Nc6 11. Nce2 Bg4 12. f3 Bh5 13. c3 Re8 14. Kh1 Bg6 15. Bg5 Ne5 16. Nf4 Nc4 17. Bxc4 dxc4 18. Nxg6 Bxd4 19. Nf4 Be5 20. Nh5 Qxd1 21. Raxd1 Nxh5 22. Rd5 f6 23. Bc1 Rad8 24. Rfd1 Rxd5 25. Rxd5 Bxc3 26. Rd1 Be5 27. g3 f5 28. f4 Bc7 29. Kg2 Nf6 30. Kf3 b5 31. Be3 Bb6 32. Bxb6 axb6 33. Rd6 Ng4 34. h3 Re3+ 35. Kg2 Rd3 36. Rxd3 cxd3 37. Kf3 h5 38. hxg4 fxg4+ 39. Ke3 h4 40. Kxd3 0-1

[Event "San Luis Betania op 3rd"]
[Site "San Luis"]
[Date "2019.02.02"]
[Round "4"]
[White "Alvarez, Leandro"]
[Black "Perez, Daniel1111"]
[Result "0-1"]
[WhiteElo "2114"]
[BlackElo "2133"]
[PlyCount "82"]
[EventDate "2019.02.01"]
[EventType "swiss"]
[EventRounds "6"]
[EventCountry "ARG"]
[SourceTitle "EXT 2020"]
[Source "ChessBase"]
[SourceDate "2019.10.17"]
[SourceVersion "1"]
[SourceVersionDate "2019.10.17"]
[SourceQuality "1"]

1. e4 c6 2. c4 d5 3. exd5 cxd5 4. cxd5 Nf6 5. Bb5+ Nbd7 6. Nc3 a6 7. Ba4 b5 8. Bb3 Bb7 9. d4 Nb6 10. Nf3 Nbxd5 11. 0-0 e6 12. Bg5 Be7 13. Ne5 Rc8 14. Rc1 0-0 15. Re1 h6 16. Bh4 Nf4 17. f3 Nd7 18. Bg3 Nxe5 19. Rxe5 Bg5 20. h4 Nh3+ 21. Kh2 Bxc1 22. Qxc1 b4 23. Kxh3 bxc3 24. bxc3 Qxd4 25. Qb1 Rxc3 26. Re1 Qd3 27. Qb2 Bd5 28. Be5 Qf5+ 29. Kh2 Rc6 30. Bxg7 Rb8 31. Bxh6 f6 32. Qd4 Rbc8 33. Bxd5 exd5 34. Re7 R6c7 35. Re2 Rh7 36. Qd2 Qh5 37. Bf4 Qxh4+ 38. Kg1 Kh8 39. Qe3 Rg8 40. Kf1 Rb7 41. Qd4 Rb1+ 0-1

[Event "Santa Fe Litoral op"]
[Site "Santa Fe"]
[Date "2018.10.28"]
[Round "5.2"]
[White "Villegas, Franco"]
[Black "Alvarez, Leandro"]
[Result "0-1"]
[WhiteElo "2276"]
[BlackElo "2071"]
[PlyCount "98"]
[EventDate "2018.10.26"]
[EventType "swiss"]
[EventRounds "6"]
[EventCountry "ARG"]
[SourceTitle "EXT 2024"]
[Source "ChessBase"]
[SourceDate "2023.10.10"]
[SourceVersion "1"]
[SourceVersionDate "2023.10.10"]
[SourceQuality "1"]

1. e4 d6 2. d4 Nf6 3. Nc3 g6 4. Be3 c6 5. Nf3 Bg7 6. Qd2 0-0 7. Bh6 Qa5 8. Bxg7 Kxg7 9. Be2 Bg4 10. 0-0-0 e5 11. dxe5 dxe5 12. Nh4 Bxe2 13. Qxe2 Nbd7 14. g4 Nc5 15. Qe3 Ne6 16. Rhg1 Rad8 17. Nf5+ Kh8 18. Nh6 Kg7 19. Qh3 Rxd1+ 20. Rxd1 Rd8 21. Rg1 Nf4 22. Qf3 Kxh6 23. g5+ Kg7 24. gxf6+ Kxf6 25. Qg4 Kg7 26. a3 b5 27. Rd1 Rxd1+ 28. Qxd1 Qc7 29. Qd2 Qe7 30. b4 Qe6 31. Kb2 Qe7 32. Qe3 Ne6 33. Nb1 Qd7 34. Nd2 Qd4+ 35. Qc3 Kf6 36. Nb3 Qxe4 37. f3 Qc4 38. Qxc4 bxc4 39. Na5 Nd4 40. c3 Nxf3 41. Nxc4 Ke6 42. h3 h5 43. Kc2 e4 44. Na5 Ne5 45. c4 g5 46. Kd2 f5 47. Ke3 h4 48. b5 cxb5 49. cxb5 Kd5 0-1

[Event "ARG-ch sf U1700/2200"]
[Site "Laguna Paiva"]
[Date "2018.08.19"]
[Round "4"]
[White "Alvarez, Leandro"]
[Black "Mizzau, Pablo"]
[Result "1-0"]
[WhiteElo "2111"]
[BlackElo "2076"]
[PlyCount "103"]
[EventDate "2018.08.18"]
[EventType "swiss"]
[EventRounds "6"]
[EventCountry "ARG"]
[SourceTitle "EXT 2019"]
[Source "ChessBase"]
[SourceDate "2018.10.10"]
[SourceVersion "1"]
[SourceVersionDate "2018.10.10"]
[SourceQuality "1"]

1. Nf3 d5 2. g3 Nf6 3. Bg2 c5 4. d3 Nc6 5. 0-0 e6 6. Nbd2 Be7 7. e4 0-0 8. Re1 b5 9. e5 Nd7 10. Nf1 Bb7 11. h4 Qc7 12. Bf4 Rfc8 13. N1h2 Qd8 14. h5 h6 15. Ng4 Bf8 16. Ne3 a5 17. g4 Be7 18. Qd2 a4 19. Nf1 a3 20. b3 Ra7 21. g5 hxg5 22. Nxg5 Ncxe5 23. h6 gxh6 24. Nh3 Ng6 25. Bxh6 d4 26. Bxb7 Rxb7 27. Kh1 Nf6 28. Nf4 Nxf4 29. Qxf4 Qd5+ 30. f3 Qh5+ 31. Nh2 Kh7 32. Bg5 Nd5 33. Qe4+ Kh8 34. Bxe7 Rxe7 35. Rg1 Rg8 36. Raf1 Ree8 37. Rg4 f5 38. Qe5+ Kh7 39. Rgg1 Ne3 40. Qc7+ Kh6 41. Re1 Rc8 42. Qe7 Rce8 43. Qxc5 Ng2 44. Ref1 Nh4 45. Qxd4 e5 46. Qe3+ Kh7 47. Qa7+ Kh8 48. Qe3 b4 49. Rxg8+ Rxg8 50. Qxe5+ Kh7 51. Rg1 Rxg1+ 52. Kxg1 1-0

[Event "ARG-ch sf U1700/2200"]
[Site "Laguna Paiva"]
[Date "2018.08.19"]
[Round "5"]
[White "Avalos, Julio"]
[Black "Alvarez, Leandro"]
[Result "1-0"]
[WhiteElo "1661"]
[BlackElo "2111"]
[PlyCount "79"]
[EventDate "2018.08.18"]
[EventType "swiss"]
[EventRounds "6"]
[EventCountry "ARG"]
[SourceTitle "EXT 2019"]
[Source "ChessBase"]
[SourceDate "2018.10.10"]
[SourceVersion "1"]
[SourceVersionDate "2018.10.10"]
[SourceQuality "1"]

1. b3 Nf6 2. Bb2 g6 3. Bxf6 exf6 4. c4 Bg7 5. Nc3 f5 6. h4 h5 7. g3 Nc6 8. e3 b6 9. d4 Bb7 10. Bg2 0-0 11. Nh3 Na5 12. Nd5 c6 13. Ndf4 c5 14. d5 d6 15. Ng5 Qf6 16. Rc1 b5 17. cxb5 Rfe8 18. 0-0 Bh6 19. a3 Bc8 20. b4 Nb7 21. bxc5 Bxg5 22. hxg5 Qxg5 23. c6 Nd8 24. a4 h4 25. Qf3 hxg3 26. fxg3 Qe7 27. Rfe1 Qc7 28. Kh2 Re4 29. Qd1 Re5 30. Qd2 Kg7 31. Bf3 f6 32. Rh1 Nf7 33. Kg1 Ng5 34. Rf1 Qb6 35. Qh2 Rxe3 36. Qh8+ Kf7 37. Rh7+ Nxh7 38. Qxh7+ Ke8 39. Qg8+ Ke7 40. Nxg6# 1-0

[Event "Santa Fe Malabrigo op 1st"]
[Site "Santa Fe"]
[Date "2018.02.17"]
[Round "2"]
[White "Alvarez, Leandro"]
[Black "Centeno, Adolfo"]
[Result "1-0"]
[WhiteElo "2082"]
[BlackElo "1666"]
[PlyCount "99"]
[EventDate "2018.02.17"]
[EventType "swiss"]
[EventRounds "6"]
[EventCountry "ARG"]
[SourceTitle "EXT 2019"]
[Source "ChessBase"]
[SourceDate "2018.10.10"]
[SourceVersion "1"]
[SourceVersionDate "2018.10.10"]
[SourceQuality "1"]

1. e4 e5 2. Nf3 Nc6 3. Bc4 Be7 4. Nc3 Nf6 5. d4 d6 6. 0-0 0-0 7. h3 a6 8. a4 exd4 9. Nxd4 Ne5 10. Be2 Bd7 11. f4 Nc6 12. b3 Nb4 13. Bf3 c5 14. Nde2 h6 15. e5 dxe5 16. fxe5 Nh7 17. Bxb7 Rb8 18. Be4 Ng5 19. Bf4 Nxe4 20. Nxe4 Be6 21. Nd6 Nd5 22. c4 Nc7 23. Nc3 Qd7 24. Nce4 Qc6 25. Qf3 Kh8 26. Qe3 f5 27. Qxc5 Qd7 28. Nd2 g5 29. Bh2 Kg7 30. Qd4 Kg6 31. a5 Ne8 32. Kh1 f4 33. c5 Qc6 34. Qe4+ Qxe4 35. N6xe4 Nc7 36. Rfb1 Nd5 37. Bg1 Nb4 38. Nd6 Nd5 39. N2c4 Nc3 40. Rb2 f3 41. Nb6 fxg2+ 42. Kxg2 Nd5 43. Kh2 Rf3 44. Nxd5 Bxd5 45. b4 Rbf8 46. e6 Bf6 47. Re2 Rf2+ 48. Bxf2 Be5+ 49. Bg3 Bxa1 50. e7 1-0

[Event "Santa Fe Malabrigo op 1st"]
[Site "Santa Fe"]
[Date "2018.02.17"]
[Round "3"]
[White "Encizo, Tomas"]
[Black "Alvarez, Leandro"]
[Result "0-1"]
[WhiteElo "1785"]
[BlackElo "2082"]
[PlyCount "90"]
[EventDate "2018.02.17"]
[EventType "swiss"]
[EventRounds "6"]
[EventCountry "ARG"]
[SourceTitle "EXT 2019"]
[Source "ChessBase"]
[SourceDate "2018.10.10"]
[SourceVersion "1"]
[SourceVersionDate "2018.10.10"]
[SourceQuality "1"]

1. d4 c5 2. d5 d6 3. c4 g6 4. Nc3 Bg7 5. Nf3 Nf6 6. Bg5 Na6 7. e3 0-0 8. Be2 Rb8 9. 0-0 Bg4 10. Re1 Nc7 11. Qd2 a6 12. a4 b6 13. e4 Qd7 14. h3 Bxf3 15. Bxf3 b5 16. axb5 axb5 17. b3 bxc4 18. bxc4 Rb3 19. Reb1 Rxc3 20. Qxc3 Nxe4 21. Qe3 Nxg5 22. Ra7 Nxf3+ 23. Qxf3 Rc8 24. Rbb7 Bf6 25. Qa3 e6 26. Qa5 Bd8 27. dxe6 Qxe6 28. Qa2 h5 29. Kf1 h4 30. Qb3 Kg7 31. Qc3+ Qe5 32. Qxe5+ dxe5 33. Ke2 Kf6 34. g4 Kg5 35. Kf3 f6 36. Ke4 Ne6 37. Ra6 Nf4 38. Ra3 Rc7 39. Rb8 Rd7 40. Rb5 Be7 41. Rc3 f5+ 42. gxf5 gxf5+ 43. Kf3 e4+ 44. Ke3 Bf6 45. Rc2 Rd3# 0-1

[Event "Rosario Bandera Memorial"]
[Site "Rosario"]
[Date "2017.06.19"]
[Round "5"]
[White "Colombo Berra, Pablo"]
[Black "Alvarez, Leandro"]
[Result "0-1"]
[WhiteElo "1700"]
[BlackElo "2086"]
[PlyCount "44"]
[EventDate "2017.06.17"]
[EventType "swiss"]
[EventRounds "7"]
[EventCountry "ARG"]
[SourceTitle "CBM 179 Extra"]
[Source "ChessBase"]
[SourceDate "2017.08.23"]
[SourceVersion "1"]
[SourceVersionDate "2017.08.23"]
[SourceQuality "1"]

1. f4 e5 2. e3 Nc6 3. d4 exd4 4. exd4 d5 5. c3 Bd6 6. g3 Nf6 7. Nf3 Bg4 8. Be2 Bxf3 9. Bxf3 Qe7+ 10. Kf2 0-0-0 11. Re1 Qd7 12. Qb3 h5 13. h4 Rhe8 14. Rh1 Ne7 15. Qd1 Nf5 16. Bd2 Qb5 17. b4 Qd3 18. Be1 Ng4+ 19. Bxg4 Qxg3+ 20. Kf1 Qxf4+ 21. Qf3 hxg4 22. Qxf4 Bxf4 0-1

[Event "ARG-ch sf U2300"]
[Site "San Nicolas"]
[Date "2017.05.28"]
[Round "4.2"]
[White "Alvarez, Leandro"]
[Black "Mizzau, Pablo"]
[Result "1/2-1/2"]
[WhiteElo "2082"]
[BlackElo "1912"]
[PlyCount "72"]
[EventDate "2017.05.27"]
[EventType "swiss"]
[EventRounds "6"]
[EventCountry "ARG"]
[SourceTitle "EXT 2024"]
[Source "ChessBase"]
[SourceDate "2023.10.10"]
[SourceVersion "1"]
[SourceVersionDate "2023.10.10"]
[SourceQuality "1"]

1. d4 d5 2. c4 e6 3. Nc3 Nf6 4. Nf3 Nbd7 5. g3 Be7 6. Bg2 0-0 7. 0-0 dxc4 8. e4 c5 9. e5 Nd5 10. Ne4 h6 11. Be3 b6 12. dxc5 Nxc5 13. Bxc5 bxc5 14. Qe2 Rb8 15. Qxc4 Qa5 16. Rfc1 Ba6 17. Qc2 Rfd8 18. a3 c4 19. Bf1 Qb6 20. Rab1 Rbc8 21. Nfd2 Qb8 22. Nxc4 Nb6 23. Ned2 Nxc4 24. Nxc4 Bxc4 25. Bxc4 Qxe5 26. Qe2 Bf6 27. Qxe5 Bxe5 28. Rc2 Rc7 29. b3 Rcd7 30. Re1 Rd1 31. Rce2 Bb2 32. a4 Bc3 33. Rxd1 Rxd1+ 34. Kg2 a5 35. Rc2 Bb4 36. Be2 Rd2 1/2-1/2

[Event "ARG-ch sf U2300"]
[Site "San Nicolas"]
[Date "2017.05.28"]
[Round "6.2"]
[White "Alvarez, Leandro"]
[Black "Ortiz, Jorge Daniel"]
[Result "1-0"]
[WhiteElo "2082"]
[BlackElo "1820"]
[PlyCount "86"]
[EventDate "2017.05.27"]
[EventType "swiss"]
[EventRounds "6"]
[EventCountry "ARG"]
[SourceTitle "EXT 2024"]
[Source "ChessBase"]
[SourceDate "2023.10.10"]
[SourceVersion "1"]
[SourceVersionDate "2023.10.10"]
[SourceQuality "1"]

1. e4 e5 2. Nf3 Nf6 3. Nc3 Nc6 4. Bc4 Nxe4 5. Bxf7+ Kxf7 6. Nxe4 d5 7. Neg5+ Kg8 8. d4 h6 9. Nh3 Bg4 10. dxe5 Nxe5 11. Nhg1 c6 12. Be3 Nc4 13. Qd4 Nxe3 14. fxe3 Bxf3 15. Nxf3 Be7 16. 0-0 Bf6 17. Qg4 Qe7 18. Rae1 Re8 19. Nd4 Kh7 20. Qf5+ Kg8 21. c3 Qe4 22. Qh5 Re5 23. Qh3 Kh7 24. Nf5 Re6 25. Rf3 Be5 26. Ref1 Rhe8 27. Qh5 Rd8 28. Qf7 Rg6 29. g3 c5 30. Qe7 Rc8 31. Qf7 Rd8 32. R1f2 d4 33. exd4 cxd4 34. Qe7 Qd5 35. c4 Qa5 36. Ra3 Bf6 37. Rxa5 Bxe7 38. Nxe7 Re6 39. Nd5 a6 40. Ra3 b5 41. Rd3 bxc4 42. Rxd4 Red6 43. Rfd2 Kg6 1-0

[Event "Rosario Promesas Cup"]
[Site "Rosario"]
[Date "2017.02.04"]
[Round "8"]
[White "Mizzau, Pablo"]
[Black "Alvarez, Leandro"]
[Result "0-1"]
[WhiteElo "1880"]
[BlackElo "2024"]
[PlyCount "152"]
[EventDate "2017.01.31"]
[EventType "tourn"]
[EventRounds "9"]
[EventCountry "ARG"]
[SourceTitle "CBM 176 Extra"]
[Source "ChessBase"]
[SourceDate "2017.03.02"]
[SourceVersion "1"]
[SourceVersionDate "2017.03.02"]
[SourceQuality "1"]

1. e4 c6 2. d4 g6 3. c4 Bg7 4. Nc3 d6 5. Nf3 Bg4 6. Be2 Nd7 7. 0-0 e5 8. Be3 Qe7 9. dxe5 dxe5 10. Nd2 Bxe2 11. Qxe2 a5 12. f3 Ngf6 13. Na4 0-0 14. c5 Rfd8 15. Rfc1 Nh5 16. g3 Bf8 17. Nc4 Ng7 18. Qe1 Qf6 19. Kg2 Ne6 20. Nxa5 Nd4 21. Bxd4 exd4 22. b4 Ne5 23. Qf1 Bh6 24. Rd1 Be3 25. Nb6 Ra7 26. Nac4 Bh6 27. Nxe5 Qxe5 28. Qd3 f5 29. Re1 f4 30. g4 Bg5 31. a4 Kg7 32. a5 h5 33. h3 Be7 34. Rad1 Qg5 35. Rg1 hxg4 36. fxg4 Bxc5 37. bxc5 Qxc5 38. Nc4 b5 39. axb6 Ra4 40. Rc1 f3+ 41. Kxf3 Ra2 42. Rg2 Ra4 43. Rb2 Qg5 44. Rbc2 c5 45. Kg2 Rf8 46. Nb2 Ra2 47. Qb3 Qf4 48. Qd3 Rxb2 49. Rxb2 Qxc1 50. Rc2 Qb1 51. Qc4 Qe1 52. Qe2 Qxe2+ 53. Rxe2 d3 54. Ra2 Rb8 55. Ra7+ Kf6 56. Rd7 c4 57. Rd4 Ke5 58. Rxc4 d2 59. Rc5+ Kxe4 60. Rc4+ Ke5 61. Rc5+ Ke6 62. Rc6+ Ke7 63. Rc7+ Ke8 64. Rg7 Rd8 65. b7 d1Q 66. Rg8+ Ke7 67. b8Q Rxb8 68. Rxb8 Qd2+ 69. Kf3 Qd3+ 70. Kg2 Qe2+ 71. Kg1 Kf6 72. Rf8+ Kg5 73. Rf2 Qe3 74. Kg2 Kh4 75. Rf3 Qe1 76. Rf1 Qg3+ 0-1

[Event "Rosario Promesas Cup"]
[Site "Rosario"]
[Date "2017.02.02"]
[Round "6"]
[White "Penafiel, Horacio"]
[Black "Alvarez, Leandro"]
[Result "0-1"]
[WhiteElo "2223"]
[BlackElo "2024"]
[PlyCount "80"]
[EventDate "2017.01.31"]
[EventType "tourn"]
[EventRounds "9"]
[EventCountry "ARG"]
[SourceTitle "CBM 176 Extra"]
[Source "ChessBase"]
[SourceDate "2017.03.02"]
[SourceVersion "1"]
[SourceVersionDate "2017.03.02"]
[SourceQuality "1"]

1. d4 Nf6 2. c4 g6 3. Nc3 Bg7 4. e4 d6 5. Nf3 0-0 6. Be2 c5 7. d5 e6 8. Nd2 Re8 9. 0-0 Na6 10. Rb1 Nc7 11. a4 a5 12. b3 b6 13. Bb2 e5 14. Re1 Rf8 15. Bf1 Bh6 16. g3 Nh5 17. Bg2 Bg4 18. Qxg4 Bxd2 19. Rf1 Ng7 20. Qe2 Bh6 21. Bc1 Bxc1 22. Rbxc1 Qe7 23. f4 Rae8 24. f5 Qg5 25. Rce1 Rd8 26. Qf3 Nh5 27. Nd1 gxf5 28. exf5 Nf6 29. Ne3 h5 30. Kh1 Kh8 31. Rg1 Rg8 32. Bh3 Rg7 33. Ng2 Na6 34. Nh4 Nb4 35. Qc3 e4 36. Rgf1 Re8 37. Ng2 Re5 38. Ne3 Nd3 39. Re2 h4 40. Rg1 Nf4 0-1